000 00556nam a2200217Ia 4500
003 OSt
005 20220928144911.0
006 a|||||r|||| 00| 0
007 ta
008 220927b |||||||| |||| 00| 0 eng d
024 _a76800
037 _cTextual
040 _aSDCL
_cSDCL
_beng
041 _2eng
_aeng
082 _aX:(B), M3
100 _aDebreu Gerard
_9370991
245 0 _aMathematical economics
_b Twenty papers of Gerard Debreu.
260 _c1983
942 _hX:(B), M3
_cTEXL
_2CC
999 _c830318
_d830318